| 000 | 00525nam a2200145 4500 | ||
|---|---|---|---|
| 001 | 118843 | ||
| 003 | ES-MaACL | ||
| 007 | t| | ||
| 008 | 070214s1950 sp r ||||1| spa d | ||
| 100 | 1 |
_aPérez Carreño, Luis. _990710 |
|
| 245 | 1 | 0 |
_aContribución al estudio de la sarcoidosis (Linfogranulomatosis benigna o enfermedad de Besnier-Boeck-Schaumann) / _cpor al Dr. Luis Pérez Carrreño. |
| 260 |
_aMadrid : _b[s.n.], _c1950 ( _fLeón : Imp. Provincial) |
||
| 300 |
_a124 p. ; _c23 cm. |
||
| 852 |
_aES-MaACL _jC-9441 _bR.37623 |
||
| 999 |
_c118843 _d118843 |
||